Normal view
MARC view
Entry Personal Name
001 - CONTROL NUMBER
- control field: 497
003 - CONTROL NUMBER IDENTIFIER
- control field: OSt
005 - DATE AND TIME OF LATEST TRANSACTION
- control field: 20110409121644.0
008 - FIXED-LENGTH DATA ELEMENTS
- fixed length control field: 110409|||a|||||| | ||| d
040 ## - CATALOGING SOURCE
- Original cataloging agency: OSt
- Transcribing agency: OSt
100 ## - HEADING--PERSONAL NAME
- Personal name: Schmitthoff, Clive M.
- Fuller form of name: (Clive Macmillan),
- Dates associated with a name: 1903-1990.
670 ## - SOURCE DATA FOUND
- Source citation: Work cat.: (OSt)0: Schmitthoff, Clive M. (Clive Macmillan), 1903-1990., Schmitthoff's Export trade :, 1980.
